Southville International School and Colleges
Your cart is empty.
  • Cart
  • Lists
    Public lists Eva Luna New books Lux_list list_1
    Your lists Log in to create your own lists
  • Log in to your account
  • Your cookies
  • Search history
Southville International School and Colleges
  • Advanced search
  • Recent comments
  • Most popular
  • Libraries

Log in to your account

Log in with GOOGLE


If you do not have an external account, but do have a local account, you can still log in:

  1. Home
  2. MARC view: World link :
Normal view MARC view ISBD view

World link : (Record no. 10395)

[ view plain ]
MARC details
000 -LEADER
fixed length control field 00515nam a22001817a 4500
003 - CONTROL NUMBER IDENTIFIER
control field SISC
005 - DATE AND TIME OF LATEST TRANSACTION
control field 20160314132127.0
008 - FIXED-LENGTH DATA ELEMENTS--GENERAL INFORMATION
fixed length control field 130905t xxu||||| |||| 00| 0 eng d
020 ## - INTERNATIONAL STANDARD BOOK NUMBER
International Standard Book Number 9789814232319
050 ## - LIBRARY OF CONGRESS CALL NUMBER
Classification number PE 1128
Item number .St824 2007
082 ## - DEWEY DECIMAL CLASSIFICATION NUMBER
Classification number HS 428.24
Item number St4 2007
100 ## - MAIN ENTRY--PERSONAL NAME
Personal name Stempleski, Susan
9 (RLIN) 16613
245 ## - TITLE STATEMENT
Title World link :
Remainder of title Developing English fluency /
Statement of responsibility, etc Susan Stempleski
260 ## - PUBLICATION, DISTRIBUTION, ETC. (IMPRINT)
Place of publication, distribution, etc Australia :
Name of publisher, distributor, etc Thomson,
Date of publication, distribution, etc c2007.
300 ## - PHYSICAL DESCRIPTION
Extent 72 p. :
Other physical details ill. ;
Dimensions 26 cm.
942 ## - ADDED ENTRY ELEMENTS (KOHA)
Source of classification or shelving scheme Library of Congress Classification
Koha item type Books
Holdings
Withdrawn status Lost status Source of classification or shelving scheme Damaged status Home library Current library Shelving location Date acquired Total Checkouts Full call number Barcode Date last seen Copy number Price effective from Koha item type
    Library of Congress Classification   Luxembourg Library Luxembourg Library High School Section 09/05/2013   PE 1128 .St824 2007 17802 09/05/2013 1 09/05/2013 Books

World link :

APA

Stempleski S., . (2007). World link. Australia: Thomson.

Chicago

Stempleski Susan, . 2007. World link. Australia: Thomson.

Harvard

Stempleski S., . (2007). World link. Australia: Thomson.

MLA

Stempleski Susan, . World link. Australia: Thomson. 2007.

  • Place hold
  • Print
  • Cite
  • Add to your cart (remove)
  • Save record
    BIBTEX Dublin Core MARCXML MARC (non-Unicode/MARC-8) MARC (Unicode/UTF-8) MARC (Unicode/UTF-8, Standard) MODS (XML) RIS
  • More searches
    Search for this title in:
    Other Libraries (WorldCat) Other Databases (Google Scholar) Online Stores (Bookfinder.com) Open Library (openlibrary.org)

Exporting to Dublin Core...

SOUTHVILLE LIBRARY

Southville International School and Colleges Library

1281 Tropical Ave. Cor. Luxembourg St., BF Homes International, Las Pinas City

Tel. No. 8256374 / 252358 Loc. 117/146

Powered by Koha